Foreign languages for the use of printers and translators : Supplement to style manual of the United States government printing office

This manual relating to foreign languages is purposely condensed for ready reference and is intended merely as a guide, not a textbook.Only elementary rules and examples are give, and no effort is made to deal exhaustively with any one subject.

Sparad:
Bibliografiska uppgifter
Huvudupphovsman: Ostermann, George F. Von
Materialtyp: Bok
Språk:Undetermined
Publicerad: Washington Washington D. C. 1934
Ämnen:
Taggar: Lägg till en tagg
Inga taggar, Lägg till första taggen!
Thư viện lưu trữ: Trung tâm Học liệu Trường Đại học Cần Thơ
LEADER 00915nam a2200217Ia 4500
001 CTU_219135
008 210402s9999 xx 000 0 und d
082 |a 410.2 
082 |b O.85 
100 |a Ostermann, George F. Von 
245 0 |a Foreign languages for the use of printers and translators : 
245 0 |b Supplement to style manual of the United States government printing office 
245 0 |c George F. Von Ostermann 
260 |a Washington 
260 |b Washington D. C. 
260 |c 1934 
520 |a This manual relating to foreign languages is purposely condensed for ready reference and is intended merely as a guide, not a textbook.Only elementary rules and examples are give, and no effort is made to deal exhaustively with any one subject. 
650 |a Printing,In ấn 
650 |z United States,Hoa Kỳ 
904 |i Trúc 
980 |a Trung tâm Học liệu Trường Đại học Cần Thơ